<?xml version="1.0" encoding="UTF-8"?>
<record
    xmlns:xsi="http://www.w3.org/2001/XMLSchema-instance"
    xsi:schemaLocation="http://www.loc.gov/MARC21/slim http://www.loc.gov/standards/marcxml/schema/MARC21slim.xsd"
    xmlns="http://www.loc.gov/MARC21/slim">

  <leader>00838nam a22002297a 4500</leader>
  <controlfield tag="003">OSt</controlfield>
  <controlfield tag="005">20171127181116.0</controlfield>
  <controlfield tag="008">171127e201705  spc||||  |||| 000 0 spa|d</controlfield>
  <datafield tag="017" ind1=" " ind2=" ">
    <subfield code="a">DL B 6967-2017</subfield>
    <subfield code="b">Biblioteca de Catalunya</subfield>
  </datafield>
  <datafield tag="020" ind1=" " ind2=" ">
    <subfield code="a">9788499426099</subfield>
  </datafield>
  <datafield tag="040" ind1=" " ind2=" ">
    <subfield code="a">ES-BaUPF</subfield>
    <subfield code="b">cat</subfield>
    <subfield code="c">CDMR</subfield>
  </datafield>
  <datafield tag="100" ind1="1" ind2=" ">
    <subfield code="a">Pampliega, Antonio,</subfield>
    <subfield code="d">1982-</subfield>
  </datafield>
  <datafield tag="245" ind1="1" ind2="0">
    <subfield code="a">En la oscuridad </subfield>
    <subfield code="b">: diez meses secuestrado por Al Qaeda en Siria /</subfield>
    <subfield code="c">Antonio Pampliega</subfield>
  </datafield>
  <datafield tag="260" ind1=" " ind2=" ">
    <subfield code="a">Barcelona :</subfield>
    <subfield code="b">Ediciones Pen&#xED;nsula,</subfield>
    <subfield code="c">2017</subfield>
  </datafield>
  <datafield tag="300" ind1=" " ind2=" ">
    <subfield code="a">236 p&#xE0;gines ;</subfield>
    <subfield code="c">23 cm</subfield>
  </datafield>
  <datafield tag="500" ind1=" " ind2=" ">
    <subfield code="a">Reimpressions: 2017</subfield>
  </datafield>
  <datafield tag="600" ind1="1" ind2="7">
    <subfield code="a">Pampliega, Antonio,</subfield>
    <subfield code="d">1982-</subfield>
    <subfield code="2">lemac</subfield>
  </datafield>
  <datafield tag="610" ind1="2" ind2="4">
    <subfield code="a">Qaida (Organitzaci&#xF3;)</subfield>
  </datafield>
  <datafield tag="650" ind1=" " ind2="7">
    <subfield code="a">Corresponsals de guerra</subfield>
    <subfield code="z">Espanya</subfield>
    <subfield code="x">Biografia</subfield>
    <subfield code="2">lemac</subfield>
    <subfield code="9">3678</subfield>
    <subfield code="v">Relats personals</subfield>
  </datafield>
  <datafield tag="651" ind1=" " ind2="7">
    <subfield code="a">S&#xED;ria</subfield>
    <subfield code="x">Hist&#xF2;ria</subfield>
    <subfield code="y">2011-, Guerra Civil</subfield>
    <subfield code="x">Relats personals espanyols</subfield>
    <subfield code="2">lemac</subfield>
  </datafield>
  <datafield tag="942" ind1=" " ind2=" ">
    <subfield code="c">MON</subfield>
  </datafield>
  <datafield tag="999" ind1=" " ind2=" ">
    <subfield code="c">7091</subfield>
    <subfield code="d">7091</subfield>
  </datafield>
  <datafield tag="952" ind1=" " ind2=" ">
    <subfield code="0">0</subfield>
    <subfield code="1">0</subfield>
    <subfield code="4">0</subfield>
    <subfield code="7">0</subfield>
    <subfield code="a">CDMR</subfield>
    <subfield code="b">CDMR</subfield>
    <subfield code="d">2017-11-27</subfield>
    <subfield code="e">Intercanvi</subfield>
    <subfield code="g">17.95</subfield>
    <subfield code="l">2</subfield>
    <subfield code="m">2</subfield>
    <subfield code="o">Dj /75</subfield>
    <subfield code="p">CDMR17111272</subfield>
    <subfield code="r">2018-09-26</subfield>
    <subfield code="s">2018-07-06</subfield>
    <subfield code="v">17.95</subfield>
    <subfield code="w">2017-11-27</subfield>
    <subfield code="y">MON</subfield>
  </datafield>
</record>
